<?xml version="1.0" encoding="UTF-8"?>
<collection xmlns="http://www.loc.gov/MARC21/slim">
 <record>
  <leader>00368pamaa2200145   4500</leader>
  <controlfield tag="001">0000030833</controlfield>
  <controlfield tag="005">20150915090000.0</controlfield>
  <datafield tag="020" ind1="0" ind2="0">
   <subfield code="a">0748723676 </subfield>
  </datafield>
  <datafield tag="082" ind1=" " ind2=" ">
   <subfield code="a">540 RYA</subfield>
  </datafield>
  <datafield tag="090" ind1="0" ind2="0">
   <subfield code="a">QD33 </subfield>
   <subfield code="b">RYA 1996</subfield>
  </datafield>
  <datafield tag="100" ind1="1" ind2="0">
   <subfield code="a">Ryan, Lawrie </subfield>
  </datafield>
  <datafield tag="245" ind1="1" ind2="0">
   <subfield code="a">Chemistry for you  </subfield>
   <subfield code="c">Lawrie Ryan.</subfield>
  </datafield>
  <datafield tag="260" ind1="0" ind2="0">
   <subfield code="a">England: </subfield>
   <subfield code="b">Stanley Thornes Pub., </subfield>
   <subfield code="c">1996.</subfield>
  </datafield>
  <datafield tag="300" ind1=" " ind2=" ">
   <subfield code="a">352p.: </subfield>
   <subfield code="b">col.ill; </subfield>
   <subfield code="c">25cm.</subfield>
  </datafield>
  <datafield tag="650" ind1="0" ind2="0">
   <subfield code="a">Chemistry </subfield>
  </datafield>
 </record>
</collection>
